000
00297nam a2200097Ia 4500
008
240331s9999 xx 000 0 und d
082
_a
303.6
_b
DIS
100
_a
Dissanayaka, T.D.S.A.
245
4
_a
The dilemma of Sri Lanka :
_b
an in-depth account of the current ethnic conflict in Sri Lanka
942
_c
L
999
_c
1253
_d
1253